[Event "PER-ch 44th"]
[Site "Peru"]
[Date "1996.??.??"]
[Round "6"]
[White "Granda Zuniga, Julio E"]
[Black "Aguilar, Juan"]
[Result "1-0"]
[WhiteElo "2600"]
[BlackElo "2270"]

1.d4 g6 2.e4 Bg7 3.h4 h5 4.Bc4 d5 5.exd5 Nf6 6.Nc3 Nbd7 7.Bg5 Nb6 8.Bxf6 Bxf6
9.Bb3 O-O 10.Nge2 c6 11.dxc6 bxc6 12.Ne4 Bg7 13.Ng5 Ba6 14.c3 Qd7 15.Qc2 Nd5
16.c4 Nf6 17.O-O Ng4 18.Rad1 Qc7 19.g3 Bc8 20.c5 Bf5 21.Qc4 e6 22.Bc2 Bxc2
23.Qxc2 Nh6 24.Qe4 Rfe8 25.Nf3 Nf5 26.Rd2 Rad8 27.Rfd1 Bh6 28.Rd3 Bg7 29.Kg2 Ne7
30.Ne5 Nd5 31.Nc4 e5 32.dxe5 Bxe5 33.Qf3 Bg7 34.Nd4 Nb4 35.Nd6 Nxd3 36.Rxd3 Rf8
37.Nxc6 Ra8 38.b4 a6 39.a4 Qd7 40.Nc4 Qg4 41.Qxg4 hxg4 42.Nb6  1-0

[Event "PER-ch 44th"]
[Site "Peru"]
[Date "1996.??.??"]
[Round "8"]
[White "Granda Zuniga, Julio E"]
[Black "Munoz Pantoja, Miguel"]
[Result "1-0"]
[WhiteElo "2600"]
[BlackElo "2305"]

1.e4 c5 2.Nf3 Nc6 3.d4 cxd4 4.Nxd4 Nf6 5.Nc3 e5 6.Ndb5 d6 7.Bg5 a6 8.Bxf6 gxf6
9.Na3 b5 10.Nd5 f5 11.exf5 Bxf5 12.c3 Bg7 13.Nc2 O-O 14.a4 bxa4 15.Rxa4 a5
16.Nce3 Be6 17.Qh5 f5 18.Bc4 Rb8 19.Nb4 Bxc4 20.Nxc6 Bf7 21.Qe2 Qd7 22.Nxf5 Bb3
23.Nfe7+ Kh8 24.Rh4 Rf7 25.Rxh7+ Kxh7 26.Qh5+ Bh6 27.Qg6+ Kh8 28.Qxh6+ Rh7
29.Qf6+ Rg7 30.Nf5 Rg8 31.Nce7 Bc2 32.Nxg7 Rxg7 33.Nd5 Qb5 34.Ne3 Bd3 35.Kd2 Kg8
36.Qe6+ Rf7 37.f3 Bh7 38.Nc4 Bf5 39.Qxf7+  1-0

[Event "PER-ch 44th"]
[Site "Peru"]
[Date "1996.??.??"]
[Round "9"]
[White "Belli, Mario"]
[Black "Granda Zuniga, Julio E"]
[Result "0-1"]
[WhiteElo "2430"]
[BlackElo "2600"]

1.d4 f5 2.g3 Nf6 3.Bg2 d6 4.Nc3 d5 5.Nh3 e6 6.Bg5 h6 7.Bxf6 Qxf6 8.e3 g5
9.Qh5+ Qf7 10.Qxf7+ Kxf7 11.O-O-O c6 12.f3 Nd7 13.Nf2 Bg7 14.e4 Nf8 15.Ne2 b6
16.Nd3 Ba6 17.Rhe1 Nd7 18.exf5 exf5 19.f4 Bxd3 20.Rxd3 Rae8 21.Kd1 Nf6 22.Bf3 Re7
23.Nc1 Ne4 24.Rf1 g4 25.Bg2 Nd6 26.b3 h5 27.Re1 Ne4 28.Re2 h4 29.c3 c5 30.Kc2 cxd4
31.cxd4 Rc8+ 32.Kb2 Rec7 33.Bxe4 dxe4 34.Rd1 Ke6 35.Kb1 Kd5 36.Red2 h3 37.Ne2 e3
38.Rb2 a5 39.a3 Bf8 40.b4 a4 41.Ra2 Bg7  0-1

[Event "PER-ch 44th"]
[Site "Peru"]
[Date "1996.??.??"]
[Round "10"]
[White "Granda Zuniga, Julio E"]
[Black "Oblitas, Carlomagno"]
[Result "1-0"]
[WhiteElo "2600"]
[BlackElo "2420"]

1.d4 d5 2.c4 e6 3.Nc3 Be7 4.Bf4 Nf6 5.e3 O-O 6.Nf3 c5 7.dxc5 Bxc5 8.a3 Nc6
9.Qc2 Qa5 10.Nd2 Be7 11.Nb3 Qb6 12.O-O-O e5 13.Bg5 d4 14.exd4 Nxd4 15.Nxd4 exd4
16.Bxf6 Bxf6 17.Nd5 Qd8 18.Bd3 h6 19.Kb1 Be6 20.Nf4 Qd6 21.Nxe6 Qxe6 22.Rde1 Qd6
23.Qe2 Qc6 24.Be4 Qd7 25.Qf3 Rae8 26.Bd3 b6 27.Ka2 a5 28.h4 Re7 29.Reg1 Qe6
30.g4 g6 31.g5 hxg5 32.hxg5 Bg7 33.Rg4 Rc8 34.Kb1 b5 35.Re4 Qd7 36.cxb5 Rce8
37.Rxe7 Qxe7 38.Qc6 Rd8 39.b6 Qxg5 40.b7 Be5 41.Qc5 Qf4 42.Qc8 Qf6 43.Re1 Rf8
44.Re4 Qd6 45.Qc4 Qb8 46.Qb5 Bf6 47.Re2 Kg7 48.Ka2 Qd6 49.Qxa5 Rb8 50.Qb5 Qc7
51.Be4 d3 52.Qxd3 Qb6 53.Qb3  1-0

[Event "PER-ch 44th"]
[Site "Peru"]
[Date "1996.??.??"]
[Round "11"]
[White "Nina, Miguel"]
[Black "Granda Zuniga, Julio E"]
[Result "0-1"]
[WhiteElo "2190"]
[BlackElo "2600"]

1.d4 d5 2.c4 dxc4 3.Nf3 Nf6 4.Nc3 a6 5.a4 Nc6 6.e4 Bg4 7.Be3 Bxf3 8.gxf3 e5
9.d5 Na5 10.Qc2 Bd6 11.Be2 O-O 12.O-O Nh5 13.Kh1 Qf6 14.Rg1 Nf4 15.Rg3 g6
16.Rag1 Rab8 17.Ba7 Rbc8 18.Be3 b6 19.Bf1 Rfe8 20.Nd1 b5 21.axb5 axb5 22.Nc3 Rb8
23.Bxf4 exf4 24.R3g2 Be5 25.Be2 Nb3 26.Rb1 Qb6 27.Bd1 Nd4 28.Qc1 Qc5 29.Rg1 b4
30.Na4 Qb5  0-1

[Event "Yerevan ol (Men)"]
[Site "Yerevan"]
[Date "1996.??.??"]
[Round "3"]
[White "Georgiev, Kiril"]
[Black "Granda Zuniga, Julio E"]
[Result "1/2-1/2"]
[WhiteElo "2620"]
[BlackElo "2610"]

1.d4 Nf6 2.c4 e6 3.Nf3 b6 4.g3 Ba6 5.b3 b5 6.cxb5 Bxb5 7.Bg2 Bb4+ 8.Bd2 a5
9.O-O O-O 10.Nc3 Bc6 11.Qc2 Qc8 12.a3 Bxc3 13.Bxc3 Qb7 14.Rfc1 Be4 15.Qd1 Nc6
16.Bf1 Bxf3 17.exf3 Nd5 18.Be1 Rfb8 19.Rab1 Qb6 20.Rc4 a4 21.b4 Na5 22.Rc2 Nb3
23.Rc4 Na5 24.Rc2 Nb3 25.Rc4 c6 26.f4 Nc7 27.Bc3 Nb5 28.Bb2 Rd8 29.Bd3 f5
30.Qe2 Re8 31.Rd1 d5 32.Rc5 Nxc5 33.dxc5 Qb7 34.Qe5 Qc7 35.Bxb5 Qxe5 36.Bxe5 cxb5
37.c6 Rec8 38.Rc1 Ra6 39.c7 Kf7 40.Rc5 Rb6 41.Kf1 g6 42.Ke2 Ke7 43.Kd3 Kd7
44.Kd2 Rb7 45.Kd3 Rb6 46.Kd2 Rb7 47.Kd3 Rb6  1/2-1/2

[Event "Yerevan ol (Men)"]
[Site "Yerevan"]
[Date "1996.??.??"]
[Round "7"]
[White "Pazos, Plinio"]
[Black "Granda Zuniga, Julio E"]
[Result "1/2-1/2"]
[WhiteElo "2365"]
[BlackElo "2610"]

1.e4 d5 2.exd5 Qxd5 3.d4 e5 4.Nf3 Nc6 5.Nc3 Bb4 6.Bd2 Bxc3 7.Bxc3 e4 8.Ne5 Nxe5
9.dxe5 Ne7 10.Qxd5 Nxd5 11.Bd2 Bf5 12.O-O-O O-O 13.Re1 Rfe8 14.f4 exf3 15.gxf3 Re6
16.Kb1 Rc6 17.Rc1 h6 18.Be2 Rd8 19.Rhd1 Nb6 20.b3 Rd5 21.f4 Rdc5 22.Bd3 Bxd3
23.cxd3 Rxc1+ 24.Bxc1 Nd5 25.Rg1 Kh7 26.f5 Nc3+ 27.Kb2 Ne2 28.Rf1 Rc5 29.Be3 Rxe5
30.Bxa7 c6 31.b4 Rd5 32.Kc2 Nd4+ 33.Bxd4 Rxd4 34.Kc3 Rd5 35.a4 Re5 36.Rf2 Kg8
37.Kd4 Rd5+ 38.Kc4 b5+ 39.axb5 Rxb5 40.Rf4 h5 41.Kc3 c5 42.bxc5 Rxc5+ 43.Kd4 Ra5
44.Ke3 Kf8 45.Rf2 Ke7 46.f6+ gxf6 47.Rb2 Ke6 48.Rb6+ Kf5 49.Kf3 Ra4 50.Rb5+ Kg6
51.Rd5 f5 52.Rd6+ Kg5 53.Rd7 Rf4+ 54.Kg3 h4+ 55.Kg2 Kf6 56.Rd6+ Ke5 57.Rd7 Rg4+
58.Kh3 Rg7 59.Re7+ Kf6 60.Re2 Rg4 61.Ra2 Rd4 62.Ra3 Kg5 63.Kg2 Kf4 64.Kf2 Kg4
65.Ra7 Rxd3 66.Rxf7 Rd2+ 67.Kg1 f4 68.Ra7 Kf3 69.Ra3+ Ke4 70.Ra4+ Ke3 71.Ra3+ Rd3
72.Rxd3+ Kxd3 73.Kf2 Kd4 74.Kf3 Ke5 75.Kf2 Kf5 76.Kf3 Kg5 77.Kg2 Kg4 78.Kf2 Kh3
79.Kg1 Kg4 80.Kf2 Kf5 81.Kf3 Ke5 82.Kf2 Ke4 83.Ke2 f3+ 84.Kf2 Kf4 85.Ke1  1/2-1/2

[Event "Yerevan ol (Men)"]
[Site "Yerevan"]
[Date "1996.??.??"]
[Round "12"]
[White "Ftacnik, Lubomir"]
[Black "Granda Zuniga, Julio E"]
[Result "1/2-1/2"]
[WhiteElo "2610"]
[BlackElo "2610"]

1.d4 Nf6 2.c4 e6 3.Nf3 b6 4.g3 Ba6 5.Nbd2 d5 6.cxd5 exd5 7.Bg2 Bd6 8.O-O O-O
9.Ne5 Qe8 10.Ndf3 Ne4 11.Bf4 Qb5 12.Nd3 Bxf4 13.a4 Qd7 14.Nxf4 Nc6 15.Ne5 Nxe5
16.dxe5 Rad8 17.Qc2 Bb7 18.Rad1 f5 19.exf6 Nxf6 20.b4 Rfe8 21.Rd4 Qf7 22.b5 a6
23.Rc1 Rd7 24.e3 g5 25.Ne2 axb5 26.axb5 Re5 27.Ra4 Ne4 28.Nd4 Qf6 29.Ra7 Nd6
30.Rxb7 Nxb7 31.Qc6 Rf7 32.Qxf6 Rxf6 33.Rxc7 Nd6 34.Nc6 Re8 35.Bxd5+ Kh8
36.Nd4 Re5 37.Bc6 Rc5 38.Rd7 g4 39.Kg2 h5 40.e4 Nf7 41.f4 gxf3+ 42.Nxf3 Rc2+
43.Rd2 Rxd2+ 44.Nxd2 Ne5 45.Be8 h4 46.gxh4 Kg7 47.Bh5 Rd6 48.Nf3 Rh6 49.Be8 Nxf3
50.Kxf3 Rxh4 51.e5 Rxh2 52.Bd7 Rd2 53.e6 Kf6 54.Ke4 Ke7 55.Ke5 Rc2 56.Kd5 Rc5+
57.Ke4 Kd6 58.Kd4 Rh5 59.Kc4 Rd5 60.Kc3 Rxb5  1/2-1/2

[Event "Yerevan ol (Men)"]
[Site "Yerevan"]
[Date "1996.??.??"]
[Round "13"]
[White "Granda Zuniga, Julio E"]
[Black "Kakageldyev, Amanmurad"]
[Result "0-1"]
[WhiteElo "2610"]
[BlackElo "2475"]

1.d4 g6 2.e4 Bg7 3.h4 d5 4.e5 h5 5.Ne2 c5 6.c3 Nc6 7.a3 Nh6 8.b4 cxd4 9.cxd4 Nf5
10.Nbc3 e6 11.g3 Qb6 12.Be3 Nxe5 13.dxe5 Nxe3 14.fxe3 Qxe3 15.Qd4 Qxd4 16.Nxd4 Bxe5
17.Nce2 Bd7 18.Rc1 Ke7 19.Bg2 Rhc8 20.Kd2 Rxc1 21.Rxc1 a5 22.b5 a4 23.Rc3 Ra5
24.Re3 Kd6 25.Rf3 f5 26.Rf1 Bxd4 27.Nxd4 e5 28.Nc2 Rxb5 29.Nb4 Be6 30.Re1 d4
31.Bf1 Ra5 32.Rb1 Bb3 33.Nd3 e4 34.Nc1 d3 35.Bxd3 Rd5 36.Ke3 exd3 37.Nxd3 Bc2
38.Rb6+ Kc7 39.Nb4 Kxb6 40.Nxd5+ Kc5 41.Nf4 Kc4 42.Nxg6 Kb3 43.Kd2 Be4  0-1

[Event "Yerevan ol (Men)"]
[Site "Yerevan"]
[Date "1996.??.??"]
[Round "14"]
[White "Ahmed, Esam Aly"]
[Black "Granda Zuniga, Julio E"]
[Result "0-1"]
[WhiteElo "2385"]
[BlackElo "2610"]

1.e4 c6 2.d4 d5 3.exd5 cxd5 4.c4 Nf6 5.Nc3 e6 6.Nf3 Bb4 7.cxd5 Nxd5 8.Bd2 Nc6
9.Bd3 Be7 10.O-O O-O 11.Qe2 Ndb4 12.Bb1 Nxd4 13.Nxd4 Qxd4 14.Be4 Nc6 15.Nb5 Qf6
16.Bc3 Qh6 17.Rad1 e5 18.Nc7 Rb8 19.Nd5 Bd6 20.f4 Nd4 21.Qf2 Bg4 22.Bxd4 exd4
23.Rd2 Bc5 24.b4 Rbe8 25.Bd3 Bb6 26.Nxb6 Qxb6 27.f5 Re3 28.h3 Bh5 29.g4 Rxh3
30.gxh5 Qh6 31.Qf4 Qxh5 32.Be4 Rh4 33.Qf3 Qh6 34.Rff2 Re8 35.Rde2 Qg5+ 36.Rg2 Qc1+
37.Kf2 Rf4 38.Bxb7 Rxe2+ 39.Kxe2 Rxf3 40.Kxf3 Qe3+ 41.Kg4 d3 42.Rg3 Qd4+
43.Kh3 d2  0-1

[Event "Hoogovens"]
[Site "Wijk aan Zee"]
[Date "1997.01.19"]
[Round "2"]
[White "Salov, Valery"]
[Black "Granda Zuniga, Julio E"]
[Result "1/2-1/2"]
[WhiteElo "2665"]
[BlackElo "2620"]

1.c4 e6 2.g3 d5 3.Bg2 Nf6 4.d4 Be7 5.Nf3 O-O 6.O-O dxc4 7.Qc2 a6 8.a4 Bd7
9.Qxc4 Bc6 10.Bg5 a5 11.Nc3 Ra6 12.e3 Rb6 13.Qe2 Nbd7 14.Rfd1 Ne4 15.Bxe7 Qxe7
16.Qc2 Nxc3 17.bxc3 Bd5 18.Rab1 Rxb1 19.Rxb1  1/2-1/2

[Event "Hoogovens"]
[Site "Wijk aan Zee"]
[Date "1997.01.22"]
[Round "4"]
[White "Illescas Cordoba, Miguel"]
[Black "Granda Zuniga, Julio E"]
[Result "1-0"]
[WhiteElo "2635"]
[BlackElo "2620"]

1.Nf3 c5 2.e4 Nc6 3.d4 cxd4 4.Nxd4 Nf6 5.Nc3 d6 6.Be2 e6 7.O-O Be7 8.Kh1 O-O
9.f4 a6 10.Nxc6 bxc6 11.e5 dxe5 12.fxe5 Qxd1 13.Rxd1 Nd7 14.Bf4 Rd8 15.Ne4 Rb8
16.b3 a5 17.Bf3 Ba6 18.Nd6 c5 19.c4 a4 20.Bc6 axb3 21.axb3 Rb6 22.Bb5 g5
23.Be3 Bxb5 24.Nxb5 Rbb8 25.Ra7 Nxe5 26.Rxd8+ Rxd8 27.Rxe7 Rd1+ 28.Bg1 g4
29.Nc3 Re1 30.Re8+ Kg7 31.Rd8 Rc1 32.Ne4 h5 33.Nxc5 h4 34.Nd3 Nxd3 35.Rxd3 e5
36.b4 f5 37.b5 f4 38.b6 e4 39.b7 Rb1 40.Rd7+  1-0

[Event "Hoogovens"]
[Site "Wijk aan Zee"]
[Date "1997.01.27"]
[Round "8"]
[White "Sokolov, Ivan"]
[Black "Granda Zuniga, Julio E"]
[Result "1-0"]
[WhiteElo "2615"]
[BlackElo "2620"]

1.d4 Nf6 2.c4 e6 3.Nf3 b6 4.Nc3 Bb4 5.Qb3 c5 6.Bg5 Nc6 7.d5 Na5 8.Qc2 h6
9.Bh4 exd5 10.cxd5 O-O 11.e3 d6 12.Be2 Bxc3+ 13.bxc3 Qe7 14.Nd2 Bd7 15.O-O Rae8
16.c4 g6 17.Bd3 g5 18.Bg3 Nh5 19.Rae1 f5 20.f4 Nxg3 21.hxg3 Qg7 22.fxg5 Qxg5
23.Rf3 Nb7 24.Ref1 Nd8 25.e4 Nf7 26.exf5 Ne5 27.Ne4 Nxf3+ 28.Rxf3 Rxe4 29.Bxe4 Qf6
30.Rf4 Rf7 31.Kh2 Rg7 32.Qd2 Rg5 33.g4 Rg7 34.Qf2 Re7 35.Bd3 Kf8 36.Qg3 Rg7
37.Kh3 Re7 38.Rf1 Re5 39.Kh2 Re7 40.Qf4 Qh4+ 41.Kg1 Qf6 42.Rf3 Rg7 43.Rh3 Rg5
44.Be2 Be8 45.Re3 Bf7 46.Ra3 Qe7 47.Kf2 Kg7 48.Qe3  1-0

[Event "Hoogovens"]
[Site "Wijk aan Zee"]
[Date "1997.02.01"]
[Round "12"]
[White "Granda Zuniga, Julio E"]
[Black "Timman, Jan H"]
[Result "0-1"]
[WhiteElo "2620"]
[BlackElo "2630"]

1.d4 Nf6 2.c4 e6 3.Nf3 b6 4.g3 Bb7 5.Bg2 Be7 6.Nc3 Ne4 7.Bd2 O-O 8.d5 Nxc3
9.Bxc3 Bf6 10.Rc1 c6 11.d6 c5 12.O-O Be4 13.Ne5 Bxg2 14.Kxg2 Bxe5 15.Bxe5 Nc6
16.Bc3 Qg5 17.a3 Qg6 18.b4 cxb4 19.axb4 Rfc8 20.f3 f6 21.Qa4 e5 22.Rfd1 a6
23.Be1 Qf7 24.Qa3 e4 25.f4 Qe6 26.Qe3 b5 27.cxb5 axb5 28.Rc5 Ra2 29.f5 Qf7
30.Rd2 Ra1 31.Bf2 Ra4 32.Qc3 h6 33.Rxb5 Re8 34.Be3 Kh7 35.h3 Rea8 36.Bf4 Ra3
37.Qc2 e3 38.Rd1 Ra2 39.Qd3 R8a3 40.Qe4 Rxe2+ 41.Kg1 Qh5  0-1

[Event "Leon"]
[Site "Leon"]
[Date "1997.06.05"]
[Round "1"]
[White "Granda Zuniga, Julio E"]
[Black "Nunn, John DM"]
[Result "1-0"]
[WhiteElo "2620"]
[BlackElo "2605"]

1.d4 Nf6 2.c4 g6 3.Nc3 Bg7 4.e4 d6 5.Nf3 O-O 6.Be2 e5 7.O-O Nc6 8.d5 Ne7
9.b4 Nh5 10.Re1 a5 11.bxa5 Rxa5 12.Nd2 Nf4 13.Bf1 c5 14.Nb3 Ra6 15.a4 Kh8
16.a5 f5 17.g3 Nh5 18.exf5 Nxf5 19.Na4 Qf6 20.Ra2 Nh6 21.Nb6 Bg4 22.Qd2 Nf7
23.h3 Bh6 24.Qc3 Bc8 25.Nxc8 Rxc8 26.Nd2 Qe7 27.Rb2 Rca8 28.Rb5 Qc7 29.Nb3 Bxc1
30.Rxc1 Nf6 31.Rb1 R8a7 32.h4 Qd7 33.Nd2 Kg7 34.Nf3 h6 35.Bd3 Qg4 36.Kg2 Qd7
37.Nd2 Qc7 38.Qc2 Nh8 39.Nb3 Qe7 40.Re1 Qf7 41.Qc3 Ra8 42.f4 exf4 43.Rf1 Rf8
44.Rxf4 Kg8 45.Nd2 Qg7 46.Qb2 Rf7 47.Rf2 Ng4 48.Rxf7 Nxf7 49.Qxg7+ Kxg7 50.Be2 Nf6
51.Kf2 Nd8 52.Ke3 Kf7 53.Kd3 Ke7 54.Kc3 Ra7 55.Bd3 g5 56.hxg5 hxg5 57.Nf3 Nf7
58.Bf5 Nd7 59.Be6  1-0

[Event "Leon"]
[Site "Leon"]
[Date "1997.06.06"]
[Round "2"]
[White "Del Rio de Angeles, Gabriel"]
[Black "Granda Zuniga, Julio E"]
[Result "1/2-1/2"]
[WhiteElo "2400"]
[BlackElo "2620"]

1.e4 g6 2.d4 Bg7 3.Nc3 c6 4.Nf3 d6 5.Be3 Nf6 6.h3 b5 7.Bd3 O-O 8.O-O Re8
9.e5 dxe5 10.Nxe5 Be6 11.f4 b4 12.Ne4 Nxe4 13.Bxe4 Bd5 14.Bxd5 Qxd5 15.a3 bxa3
16.Rxa3 Nd7 17.Qf3 Nb6 18.b3 Qxf3 19.Nxf3 Nd5 20.Bd2 Nc7 21.Ra4 Nb5 22.Be3 Red8
23.Rc4 Nd6 24.Ra4 Nb5 25.Rc4 Nd6 26.Ra4 Nb5 27.Rc4 Nd6 28.Ra4  1/2-1/2

[Event "Leon"]
[Site "Leon"]
[Date "1997.06.12"]
[Round "8"]
[White "Granda Zuniga, Julio E"]
[Black "Sion Castro, Marcelino"]
[Result "1/2-1/2"]
[WhiteElo "2620"]
[BlackElo "2440"]

1.d4 Nf6 2.c4 g6 3.Nc3 d5 4.cxd5 Nxd5 5.e4 Nxc3 6.bxc3 Bg7 7.Ba3 b6 8.Bc4 Bb7
9.Qf3 O-O 10.h4 h6 11.Ne2 c5 12.Qe3 Qd7 13.Bb3 cxd4 14.cxd4 Nc6 15.Rd1 Na5
16.d5 Rac8 17.h5 g5 18.O-O Nc4 19.Bxc4 Rxc4 20.f3 Rfc8 21.Qb3 Rc2 22.Ng3 R8c3
23.Qb1 Ba6 24.Rfe1 g4 25.Nf5 gxf3 26.gxf3 Be2 27.Rc1 Qxf5 28.exf5 Bd4+ 29.Kh2 Be5+
30.Kg1 Bd4+ 31.Kh2 Be5+ 32.Kg1 Bd4+ 33.Kh2  1/2-1/2

[Event "Villarrobledo rapid op"]
[Site "Villarrobledo"]
[Date "1997.08.24"]
[Round "8"]
[White "Granda Zuniga, Julio E"]
[Black "Chernin, Alexander"]
[Result "1/2-1/2"]
[WhiteElo "2625"]
[BlackElo "2640"]

1.Nf3 d5 2.c4 c6 3.d4 Nf6 4.Nc3 e6 5.Bg5 dxc4 6.e4 b5 7.e5 h6 8.Bh4 g5 9.Nxg5 hxg5
10.Bxg5 Nbd7 11.exf6 Bb7 12.g3 Qb6 13.Bg2 O-O-O 14.O-O c5 15.d5 b4 16.Na4 Qa6
17.a3 Bxd5 18.Bxd5 Ne5 19.Nxc5 Bxc5 20.axb4 Bxf2+ 21.Rxf2 Rxd5 22.Rxa6 Rxd1+
23.Kg2 Ng4 24.h4 Nxf2 25.Kxf2 Kb7 26.b5 Rd5 27.Be3 Ra8 28.Ra5 Rf5+ 29.Kg2 Re5
30.Kf3 Rf5+ 31.Ke2 Rxf6 32.g4 Rg6 33.g5 f6 34.Ra4 fxg5 35.hxg5 a6 36.bxa6+ Rxa6
37.Rxc4 Ra5 38.Kf3 Raxg5 39.Bxg5 Rxg5  1/2-1/2

[Event "Pamplona 9798"]
[Site "Pamplona"]
[Date "1997.12.28"]
[Round "1"]
[White "Granda Zuniga, Julio E"]
[Black "Andersson, Ulf"]
[Result "0-1"]
[WhiteElo "2625"]
[BlackElo "2640"]

1.c4 c5 2.Nc3 g6 3.g3 Bg7 4.Bg2 Nc6 5.a3 b6 6.d3 Bb7 7.Bd2 d6 8.b4 Qd7 9.Qa4 Nf6
10.Nh3 O-O 11.O-O Rfd8 12.Rab1 e6 13.Nf4 h6 14.Rfc1 g5 15.Nh3 cxb4 16.axb4 d5
17.cxd5 Nxd5 18.Nxd5 exd5 19.f4 Nd4 20.Qxd7 Rxd7 21.Kf1 g4 22.Nf2 h5 23.e3 Nf5
24.b5 Re8 25.Nd1 h4 26.Kf2 hxg3+ 27.hxg3 Rde7 28.Rc2 Bf6 29.Rb4 Nd6 30.Rc6 Bxc6
31.bxc6 d4 32.e4 Bg7 33.e5 Bxe5 34.fxe5 Rxe5 35.Rb2 Re2+ 36.Kf1 Nf5 37.c7 Nxg3+
38.Kg1 Rc8 39.Rc2 Rxc7 40.Rxc7 Rxd2 41.Nf2 Ne2+ 42.Kf1 Nf4 43.Nxg4 Nxg2 44.Rxa7 Ne3+
45.Ke1 Rxd3 46.Ne5 Rc3 47.Nxf7 Nc4 48.Ng5 Re3+ 49.Kf2 d3 50.Rd7 Re2+ 51.Kg3 d2
52.Nf3 Kf8 53.Rd4 Ke7 54.Kf4 Rg2 55.Rd5 Ke6  0-1

[Event "Pamplona 9798"]
[Site "Pamplona"]
[Date "1997.12.30"]
[Round "3"]
[White "Granda Zuniga, Julio E"]
[Black "Strikovic, Aleksa"]
[Result "1/2-1/2"]
[WhiteElo "2625"]
[BlackElo "2560"]

1.e4 e5 2.Nf3 Nc6 3.d4 exd4 4.Nxd4 Bc5 5.Be3 Qf6 6.c3 Nge7 7.Bc4 O-O 8.O-O a6
9.Nc2 Bxe3 10.Nxe3 d6 11.f4 Be6 12.Be2 Qh6 13.g4 f6 14.c4 g5 15.f5 Bf7 16.Nc3 Rfe8
17.Rf2 Rad8 18.b3 Ne5 19.Bf1 c6 20.Rd2 Nc8 21.Bg2 Qf8 22.a4 a5 23.Qc2 h5
24.gxh5 Bxh5 25.Nf1 Qh6 26.Ng3 Bg4 27.Nd1 Rd7 28.Qc3 Rh7 29.Nf1 Qh5 30.Nf2 Bf3
31.Re1 g4 32.Nh1 Bxg2 33.Rxg2 Kf7 34.Nhg3 Qg5 35.Nd2 Reh8 36.Re3 Nb6 37.Ngf1 Nbd7
38.Reg3 b6 39.b4 axb4 40.Qxb4 Ke7 41.a5 bxa5 42.Qxa5 Rh3 43.Qa3 Rxg3 44.Rxg3 Qf4
45.Qe3 Qxe3+ 46.Nxe3 Rh4 47.Ng2 Rh8 48.Ne3 Rh4 49.Ng2 Rh8 50.Ne3  1/2-1/2

[Event "Gran Canaria op"]
[Site "Las Palmas"]
[Date "1997.??.??"]
[Round "?"]
[White "Pogorelov, Ruslan"]
[Black "Granda Zuniga, Julio E"]
[Result "0-1"]
[WhiteElo "2440"]
[BlackElo "2625"]

1.Nf3 Nf6 2.c4 b6 3.g3 c5 4.Bg2 Bb7 5.O-O e6 6.Nc3 Be7 7.d4 cxd4 8.Qxd4 d6
9.Bg5 a6 10.Bxf6 Bxf6 11.Qd3 Be7 12.Rad1 Ra7 13.Nd4 Bxg2 14.Kxg2 O-O 15.f4 g6
16.e4 Bf6 17.Nde2 Rd7 18.Qf3 Qc7 19.b3 Nc6 20.h4 Qb7 21.h5 b5 22.cxb5 axb5
23.a4 bxa4 24.bxa4 Na5 25.Rd3 Nc4 26.Rb1 Qa7 27.Qf2 Qa8 28.Kg1 Rc8 29.e5 Be7
30.Kh2 Rdd8 31.exd6 Nxd6 32.Qg2 Rc5 33.Qxa8 Rxh5+ 34.Kg2 Rxa8 35.Rb6 Nc4
36.Rb7 Bd8 37.Rdd7 Na5 38.Ra7 Rxa7 39.Rxa7 Bb6 40.Ra8+ Kg7 41.Rb8 Nc4 42.g4 Ra5
43.Ne4 Rxa4 44.g5 Bc7 45.Re8 Ne3+ 46.Kf3 Nd5 47.Rc8 Ra3+ 48.Kg4 h5+ 49.gxh6+ Kxh6
50.Ng5 Kg7 51.Nd4 Re3 52.Nc2 Rc3 53.Nd4 Re3 54.Nc2 f5+ 55.Kh4 Re2 56.Nd4 Rh2+
57.Nh3 Nxf4 58.Rxc7+ Kf6  0-1

[Event "Gran Canaria op"]
[Site "Las Palmas"]
[Date "1997.??.??"]
[Round "?"]
[White "Tischbierek, Raj"]
[Black "Granda Zuniga, Julio E"]
[Result "1/2-1/2"]
[WhiteElo "2515"]
[BlackElo "2625"]

1.e4 c5 2.Nc3 e6 3.Nf3 a6 4.d4 cxd4 5.Nxd4 b5 6.Bd3 Bc5 7.Nb3 Ba7 8.O-O Ne7
9.Qe2 Nbc6 10.Be3 Ne5 11.Rad1 O-O 12.f4 Bxe3+ 13.Qxe3 Ng4 14.Qd4 e5 15.fxe5 Nc6
16.Qc5 Qg5 17.Rde1 Qh6 18.h3 Ngxe5 19.Nd5 d6 20.Qf2 Be6 21.Qg3 Bxd5 22.exd5 Ne7
23.Nd4 g6 24.c3 Rfe8 25.Bc2 Rac8 26.Bb3 Qg7 27.Rxe5 Qxe5 28.Qxe5 dxe5 29.d6 exd4
30.Bxf7+ Kg7 31.d7 Rf8 32.dxc8=Q Nxc8 33.Bd5 dxc3 34.Rxf8 Kxf8 35.bxc3 Nb6
36.Bb7 Na4 37.Bxa6 Nxc3 38.Kf2 Ke7 39.Ke3 Nxa2  1/2-1/2

[Event "Gran Canaria op"]
[Site "Las Palmas"]
[Date "1997.??.??"]
[Round "?"]
[White "Granda Zuniga, Julio E"]
[Black "Galego, Luis"]
[Result "1-0"]
[WhiteElo "2625"]
[BlackElo "2440"]

1.d4 Nf6 2.c4 e6 3.Nf3 c5 4.d5 exd5 5.cxd5 d6 6.Nc3 g6 7.h3 Bg7 8.Bf4 O-O
9.e3 a6 10.a4 Qe7 11.Nd2 Nbd7 12.Be2 Rb8 13.O-O Ne5 14.a5 Nfd7 15.Bh2 g5
16.e4 Ng6 17.Bg4 Nde5 18.Bxc8 Rbxc8 19.Ra3 Nf4 20.Qb1 Qf6 21.Nd1 c4 22.Ne3 Rfe8
23.Nf5 Ned3 24.Bxf4 Nxf4 25.Re3 Rc5 26.Rc1 Rec8 27.g3 Nxh3+ 28.Kg2 g4 29.Rec3 Bh6
30.e5 dxe5 31.Rxc4 Rxc4 32.Rxc4 Rxc4 33.Nxc4 Ng5 34.Nce3 Bf8 35.Nxg4 Qd8
36.Qd3 h5 37.Nxe5 Qxa5 38.Ne3 Qb4 39.N3c4 b5 40.Qf5 bxc4 41.Qxg5+ Bg7 42.Qxh5 Qe7
43.Nf3 a5 44.Qg4 Qc5 45.Qd7 Bxb2 46.Ng5 Qf8 47.Qf5 Qe7 48.d6 Qb7+ 49.Kh2  1-0

[Event "Gran Canaria op"]
[Site "Las Palmas"]
[Date "1997.??.??"]
[Round "?"]
[White "Granda Zuniga, Julio E"]
[Black "San Segundo, Pablo"]
[Result "1/2-1/2"]
[WhiteElo "2625"]
[BlackElo "2495"]

1.c4 e6 2.Nc3 d5 3.cxd5 exd5 4.d4 c6 5.Bf4 Bd6 6.Bxd6 Qxd6 7.e3 Ne7 8.Nge2 Bf5
9.Nf4 h6 10.Qf3 Nd7 11.Qg3 Ng6 12.Nh5 Qxg3 13.hxg3 O-O 14.f3 Ne7 15.g4 Bh7
16.Kf2 Rae8 17.Re1 f5 18.gxf5 Nxf5 19.Bd3 Nd6 20.Bxh7+ Kxh7 21.Re2 Re7 22.Rhe1 g6
23.Nf4 g5 24.Nd3 Ne4+ 25.Kg1 Ng3 26.Rd2 Nf5 27.e4 dxe4 28.Nxe4 Kg7 29.Nec5 Rxe1+
30.Nxe1 Re8 31.Kf2 Nxc5 32.dxc5 Kf6 33.Rd7 Re7 34.Rd8 Ne3 35.g4 Nd5 36.Nd3 Nf4
37.Nxf4 gxf4 38.Rf8+ Rf7 39.Rd8 Re7 40.Rh8 Kg7 41.Ra8 a6 42.Rd8 Kg6 43.Rf8 Rd7
44.Ke2 Rd4 45.Rg8+ Kf6 46.Rb8 Rc4 47.Rxb7 Rxc5 48.Kd3 Re5 49.Kd4 Re2 50.Rb6 Kg5
51.Rxc6 Rxb2 52.Rxa6 Kh4 53.Rxh6+ Kg3 54.g5 Kxf3 55.g6 Rg2 56.Ke5 Ke3  1/2-1/2

[Event "US-op"]
[Site "Las Vegas"]
[Date "1997.??.??"]
[Round "1"]
[White "Granda Zuniga, Julio E"]
[Black "Chaplin, Peter E"]
[Result "1-0"]
[WhiteElo "2620"]
[BlackElo "2120"]

1.e4 g5 2.d4 h6 3.Nc3 d6 4.Bc4 Nf6 5.Nf3 c6 6.e5 Nd5 7.O-O Nxc3 8.bxc3 d5
9.Bd3 Bg4 10.h3 Bxf3 11.Qxf3 e6 12.Rb1 b5 13.Qh5 a6 14.f4 gxf4 15.Rxf4 Ra7
16.Rf6 Qc8 17.Bxh6 Bxh6 18.Rxh6 Rxh6 19.Qxh6 Nd7 20.Rf1 Nf8 21.Qh8 Re7 22.Qg8 Qc7
23.h4 c5 24.h5 cxd4 25.h6 Qxe5 26.h7 Qe3+ 27.Rf2 Qc1+ 28.Bf1  1-0

[Event "US-op"]
[Site "Las Vegas"]
[Date "1997.??.??"]
[Round "2"]
[White "Ponomarev, M."]
[Black "Granda Zuniga, Julio E"]
[Result "0-1"]
[WhiteElo "2280"]
[BlackElo "2670"]

1.d4 Nf6 2.Nc3 d5 3.Bg5 Nbd7 4.Qd3 h6 5.Bh4 c6 6.Nf3 Qa5 7.Nd2 e5 8.dxe5 Nxe5
9.Qe3 Ng4 10.Qd4 Bc5 11.Qa4 Qb6 12.O-O-O O-O 13.e3 Ng6 14.Bg3 f5 15.Bd3 f4
16.exf4 Bf5 17.Qb3 Bxd3 18.Qxb6 axb6 19.cxd3 Nxf4 20.Kc2 Bxf2 21.Bxf4 Rxf4
22.Kb3 Bc5 23.a3 Rf2 24.Ndb1 Rxg2 25.d4 Bd6 26.h4 Rf8 27.Rdg1 Rxg1 28.Rxg1 h5
29.Na4 Rf3+ 30.Nbc3 b5 31.Nb6 Bg3 32.Nd7 Ne3 33.Ne2 Nf5+ 34.Kc2 Bxh4 35.Ne5 Rf2
36.Kd3 Bf6 37.Nd7 Kf7 38.Nc5 h4 39.Nb3 h3 40.Nbc1 h2 41.Rh1 Bg5 42.b3 Bxc1
43.Rxc1 g5  0-1

[Event "US-op"]
[Site "Las Vegas"]
[Date "1997.??.??"]
[Round "4"]
[White "Atalik, Suat"]
[Black "Granda Zuniga, Julio E"]
[Result "0-1"]
[WhiteElo "2595"]
[BlackElo "2670"]

1.d4 Nf6 2.Nf3 c5 3.d5 b5 4.c4 Bb7 5.a4 bxc4 6.Nc3 e6 7.e4 exd5 8.e5 Ne4
9.Nxd5 Qa5+ 10.Ke2 c3 11.Ke3 c2 12.Qd3 c4 13.Qxe4 Bxd5 14.Qxc2 Nc6 15.Bd2 Qc5+
16.Kf4 Bxf3 17.gxf3 Qxe5+ 18.Kg4 Nd4  0-1

[Event "Leon"]
[Site "Leon"]
[Date "1997.??.??"]
[Round "4"]
[White "Mellado Trivino, Juan"]
[Black "Granda Zuniga, Julio E"]
[Result "0-1"]
[WhiteElo "2430"]
[BlackElo "2620"]

1.e4 c5 2.c3 Nf6 3.e5 Nd5 4.d4 cxd4 5.Nf3 Nc6 6.Bc4 Nb6 7.Bb3 d5 8.exd6 Qxd6
9.O-O Bf5 10.cxd4 e6 11.Nc3 Rd8 12.Qe2 Be7 13.Rd1 O-O 14.d5 exd5 15.Nxd5 Nxd5
16.Rxd5 Qg6 17.Bf4 Bf6 18.Re1 Rxd5 19.Bxd5 Nb4 20.Bxb7 Nd3 21.Bd6 Nxe1 22.Nxe1 Bg4
23.Qe3 Bg5 24.Qe5 Rd8 25.Bc7 f6 26.Qc3 Rd1 27.f4 Qe8 28.Ba5 Bh6 29.h3 Be6
30.g3 Qd7 31.Bc6 Qc8 32.Kf2 Rd6 33.Be4 Qxc3 34.Bxc3 Bxa2 35.Nf3 g6 36.Nd4 f5
37.Nb5 Rb6 38.Bd3 Bg7 39.Nxa7 Bxc3 40.bxc3 Rb2+ 41.Ke3 Rg2 42.Nc6 Rxg3+ 43.Kd4 Rxh3
44.c4 Rf3 45.Nb4 Bb3 46.Nd5 h5 47.Be2 Rf2 48.Ke3 Rxe2+  0-1

[Event "Leon"]
[Site "Leon"]
[Date "1997.??.??"]
[Round "9"]
[White "Campora, Daniel H"]
[Black "Granda Zuniga, Julio E"]
[Result "1/2-1/2"]
[WhiteElo "2555"]
[BlackElo "2620"]

1.e4 g6 2.d4 Bg7 3.Nc3 d6 4.f4 c6 5.Nf3 Bg4 6.Be3 Nd7 7.h3 Bxf3 8.Qxf3 e6
9.O-O-O Ne7 10.g4 Qa5 11.Kb1 O-O-O 12.Bd3 d5 13.exd5 Nxd5 14.Nxd5 Qxd5 15.Qe2 Nb6
16.c4 Qd7 17.Be4 Qc7 18.Qc2 h5 19.Rhf1 hxg4 20.hxg4 f5 21.Bf3 Kb8 22.a4 Nc8
23.Rd3 Qa5 24.gxf5 Qxf5 25.Rg1 Rh2 26.Bg4 Qe4 27.Bf3 Qf5 28.Bg4 Qe4 29.Bf3 Qf5  1/2-1/2